000 00241nam a2200109Ia 4500
008 190216s9999||||xx |||||||||||||| ||und||
100 _aBalzac
245 0 _aOld Grow Of
260 _bVikas Publishing House
650 _aEnglish
942 _cBK
999 _c12846
_d12846